Presencia política se las mujeres /

में बचाया:
ग्रंथसूची विवरण
मुख्य लेखक: Barbieri, Teresita de
अन्य लेखक: Oliveira, Orlandina de, Amorós Puente, Celia, Astelarra, Judith
स्वरूप: मूलपाठ
विषय:
टैग: टैग जोड़ें
कोई टैग नहीं, इस रिकॉर्ड को टैग करने वाले पहले व्यक्ति बनें!

MARC

LEADER 00000 a a2200000 04500
001 47089
003
040
090 |a REV0229 (40)1991  
100 |a Barbieri, Teresita de 
245 |a Presencia política se las mujeres /  |c Teresista de Barbieri; Orlandina de Oliveira; Celia Amorós Puente; Judith Astelarra  
650 |a PARTICPACION POLITICA  
650 |a PARTICIPACION DE LA MUJER  
650 |a MOVIMIENTOS SOCIALES  
650 |a DERECHOS HUMANOS  
650 |a PARTIDOS POLITICOS  
650 |a SERVICIO MILITAR  
700 |a Oliveira, Orlandina de  
700 |a Amorós Puente, Celia 
700 |a Astelarra, Judith  
773 |g número40, (1991) 102 páginas  
999 |c 26024  |d 26024